00726Cam#a2200217 a 450000500170000000800410001702000150005808200210007324500500009425000220014430000400016650000210020665000420022765000370026965000520030626400270035833600270038533700330041233800280044504000350047320220316235839.0051121s1998 ck a gre 000 0 spakd a958908588104aR 570.703 bA67 00aMi primera enciclopedia cientifica biología aPrimera edición a69 páginasbilustraciones c28 cm aIncluye glosario14aAnatomia humana vEnciclopedias2LEMB14aBiología vEnciclopedias2LEMB14aEnciclopedias y diccionarios para niños2LEMB aBogotábZamorac1998 atextobtxt2rdacontent asin mediaciónbn2rdamedia avolumenbnc2rdacarrier aCO-BoRNBPbspaerdacCO-BoRNBP